000 00210nam a2200085Ia 4500
008 120527s9999 xx 000 0 und d
100 _aGrewal & Kaplan
245 _aAn Introduction to women's studies
942 _cBK
999 _c27510
_d27510